[Event "Transnational op"]
[Site "Montreal CAN"]
[Date "2023.06.11"]
[Round "4.36"]
[White "Di Matteo, Alessio"]
[Black "Darvekar, Yash"]
[Result "1-0"]
[WhiteElo "1986"]
[BlackElo "1990"]
[PlyCount "77"]
[EventDate "2023.06.09"]
[EventType "swiss"]
[EventRounds "5"]
[EventCountry "CAN"]

1. d4 d5 2. c4 c6 3. Nf3 Nf6 4. Nc3 e6 5. g3 dxc4 6. Bg2 Nbd7 7. O-O Bd6 8. e4
e5 9. a4 O-O 10. Qc2 exd4 11. Nxd4 Ne5 12. Nf5 Bb4 13. Rd1 Qc7 14. Bg5 Bxf5 15.
exf5 Nfd7 16. f6 Nxf6 17. Bxf6 Bxc3 18. Bxg7 Kxg7 19. Qxc3 f6 20. a5 Rad8 21.
Be4 Qe7 22. Kg2 Rxd1 23. Rxd1 Rd8 24. Re1 Qd7 25. Re2 Qd4 26. Qa3 Qd6 27. Qe3
Qd4 28. Qf4 Rd7 29. Qf5 Ng6 30. h4 Re7 31. h5 Re5 32. Qf3 Ne7 33. h6+ Kxh6 34.
Qxf6+ Ng6 35. Bxg6 Rxe2 36. Qxd4 hxg6 37. Qh8+ Kg5 38. Qh4+ Kf5 39. Qf4+ 1-0

[Event "Transnational op"]
[Site "Montreal CAN"]
[Date "2023.06.11"]
[Round "4.37"]
[White "Currie, Sophia"]
[Black "Genzling, Jerome"]
[Result "0-1"]
[WhiteElo "1599"]
[BlackElo "2157"]
[PlyCount "34"]
[EventDate "2023.06.09"]
[EventType "swiss"]
[EventRounds "5"]
[EventCountry "CAN"]

1. e4 c5 2. Nf3 Nc6 3. d4 cxd4 4. Nxd4 g6 5. Nc3 Bg7 6. Be3 Nf6 7. f3 O-O 8.
Qd2 d5 9. exd5 Nxd5 10. O-O-O Nxe3 11. Nxc6 Qxd2+ 12. Rxd2 bxc6 13. Re2 Nxf1
14. Rxf1 Ba6 15. Rfe1 Bxc3 16. bxc3 Bxe2 17. Rxe2 e6 0-1

[Event "Transnational op"]
[Site "Montreal CAN"]
[Date "2023.06.11"]
[Round "4.38"]
[White "Tinica, Gabriel"]
[Black "Jutras, Arnaud"]
[Result "1-0"]
[WhiteElo "2048"]
[BlackElo "1649"]
[PlyCount "141"]
[EventDate "2023.06.09"]
[EventType "swiss"]
[EventRounds "5"]
[EventCountry "CAN"]

1. d4 d5 2. c4 c6 3. Nf3 Nf6 4. e3 e6 5. b3 Be7 6. Nbd2 O-O 7. Bd3 b6 8. O-O
Bb7 9. Qe2 c5 10. Bb2 Nc6 11. Rac1 dxc4 12. bxc4 Qc7 13. Rfd1 Rfd8 14. a3 Rd7
15. Bb1 Rad8 16. Qd3 g6 17. Qc2 Ba8 18. Ba2 Qb7 19. d5 exd5 20. Bxf6 Bxf6 21.
cxd5 Ne5 22. Nxe5 Bxe5 23. f4 Bg7 24. e4 Kf8 25. e5 Qa6 26. d6 Qxa3 27. Nc4 Qa6
28. Ne3 Bh6 29. Rf1 Re8 30. Bd5 Rxe5 31. Bc4 b5 32. Ng4 Re4 33. Nf6 Rxd6 34.
Nxe4 Rd4 35. Nxc5 Qc6 36. Bb3 Bxf4 37. Ne6+ fxe6 38. Qxc6 Bxc6 39. Rxc6 Kg7 40.
Rxe6 a5 41. Bc2 a4 42. Re4 Rxe4 43. Bxe4 Be3+ 44. Kh1 a3 45. Bd5 b4 46. g3 h5
47. Kg2 g5 48. Kf3 Bd2 49. Ke2 Bc3 50. Be6 Kg6 51. h3 g4 52. hxg4 hxg4 53. Rf4
Kh5 54. Bxg4+ Kg5 55. Be6 Kg6 56. Kf3 Kg5 57. g4 Bd2 58. Rf5+ Kg6 59. Bf7+ Kg7
60. Ke4 Kh6 61. Ke5 Bc3+ 62. Kd6 Bd2 63. Ke7 Be3 64. Kf8 Bg5 65. Kg8 a2 66.
Bxa2 Kg6 67. Bf7+ Kh6 68. Kh8 b3 69. Bxb3 Kg6 70. Bf7+ Kh6 71. Kg8 1-0

[Event "Transnational op"]
[Site "Montreal CAN"]
[Date "2023.06.11"]
[Round "4.39"]
[White "Forget, Luc"]
[Black "Yang, Jing Yao"]
[Result "1/2-1/2"]
[WhiteElo "1856"]
[BlackElo "1646"]
[PlyCount "64"]
[EventDate "2023.06.09"]
[EventType "swiss"]
[EventRounds "5"]
[EventCountry "CAN"]

1. d4 Nf6 2. c4 g6 3. Nc3 d5 4. cxd5 Nxd5 5. Nf3 Bg7 6. Bd2 c5 7. e4 Nxc3 8.
Bxc3 O-O 9. Be2 cxd4 10. Nxd4 Qb6 11. Nb3 Bxc3+ 12. bxc3 Rd8 13. Qc2 Nc6 14.
O-O Be6 15. Rfd1 Rdc8 16. Rab1 Bxb3 17. Qxb3 Rd8 18. h3 Rxd1+ 19. Rxd1 Qc7 20.
Rb1 b6 21. Rd1 Na5 22. Qd5 Rc8 23. Bg4 e6 24. Bxe6 fxe6 25. Qxe6+ Kh8 26. Rd7
Qxc3 27. Qf7 Qc1+ 28. Kh2 Qh6 29. Qf6+ Kg8 30. Qe6+ Kh8 31. Qf6+ Kg8 32. Qf7+
Kh8 1/2-1/2

[Event "Transnational op"]
[Site "Montreal CAN"]
[Date "2023.06.11"]
[Round "4.40"]
[White "Brassard, Sylvain"]
[Black "Fiset, Anais Chloe"]
[Result "1-0"]
[WhiteElo "1768"]
[BlackElo "1627"]
[PlyCount "108"]
[EventDate "2023.06.09"]
[EventType "swiss"]
[EventRounds "5"]
[EventCountry "CAN"]

1. d4 d5 2. Nf3 Nf6 3. e3 c5 4. c3 cxd4 5. exd4 Nc6 6. Bd3 Bg4 7. O-O e6 8. h3
Bh5 9. Nbd2 Bd6 10. Qb3 Qc7 11. Re1 O-O 12. g4 Bg6 13. Bxg6 hxg6 14. Qb5 a6 15.
Qd3 Rfd8 16. Qe2 Nd7 17. Nf1 e5 18. dxe5 Ncxe5 19. Bg5 Re8 20. Rad1 Nb6 21. Bh4
Kf8 22. Nxe5 Bxe5 23. Qf3 Re6 24. Ne3 Rae8 25. Kg2 Bd6 26. Bg3 Bxg3 27. Qxg3
Qxg3+ 28. Kxg3 Nc4 29. Kf3 Nxe3 30. Rxe3 Rb6 31. Rxe8+ Kxe8 32. Rd2 Ke7 33. Ke3
Ke6 34. Kd4 Rb5 35. b3 f6 36. Re2+ Kf7 37. b4 a5 38. a4 Rb6 39. Kxd5 axb4 40.
Rb2 Rc6 41. c4 Rc7 42. Rxb4 Rd7+ 43. Kc5 Ke6 44. f4 g5 45. Rb6+ Kf7 46. f5 g6
47. fxg6+ Kxg6 48. Rd6 Rc7+ 49. Kb5 Kf7 50. c5 Kg6 51. Kb6 Rc8 52. a5 Kf7 53.
Rd7+ Ke6 54. Rxb7 Kd5 1-0

[Event "Transnational op"]
[Site "Montreal CAN"]
[Date "2023.06.11"]
[Round "4.41"]
[White "Mullur, Neerav"]
[Black "Sasportas, Mosche"]
[Result "1-0"]
[WhiteElo "1689"]
[BlackElo "1616"]
[PlyCount "79"]
[EventDate "2023.06.09"]
[EventType "swiss"]
[EventRounds "5"]
[EventCountry "CAN"]

1. e4 d5 2. exd5 Qxd5 3. Nc3 Qd6 4. d4 Nf6 5. Nge2 a6 6. a3 Bg4 7. h3 Bh5 8. g4
Bg6 9. Bg2 Nc6 10. Bf4 Qd7 11. d5 Na5 12. Qd4 Bxc2 13. Nc1 e6 14. O-O c5 15.
Qd2 Bb3 16. Ne4 Nxe4 17. Qxa5 Bxd5 18. Nd3 Bd6 19. Bxe4 Bxe4 20. Nxc5 Bxc5 21.
Qxc5 Qc6 22. Qd4 O-O 23. Rac1 Qd5 24. Qxd5 Bxd5 25. Rc7 a5 26. Rfc1 a4 27. Kf1
Bc6 28. Rd1 Rfd8 29. Rxd8+ Rxd8 30. Ke2 Kf8 31. g5 Rd5 32. Rc8+ Ke7 33. Rc7+
Kd8 34. Rxf7 e5 35. Be3 Rb5 36. Bc1 Rb3 37. h4 Rh3 38. Rxg7 Rxh4 39. g6 hxg6
40. Bg5+ 1-0

[Event "Transnational op"]
[Site "Montreal CAN"]
[Date "2023.06.11"]
[Round "4.42"]
[White "Sonko, Babacar"]
[Black "Tachijian, Mardig"]
[Result "1/2-1/2"]
[WhiteElo "1671"]
[BlackElo "1717"]
[PlyCount "142"]
[EventDate "2023.06.09"]
[EventType "swiss"]
[EventRounds "5"]
[EventCountry "CAN"]

1. f4 d5 2. Nf3 g6 3. e3 Bg7 4. Be2 c5 5. d3 Nc6 6. O-O Nf6 7. a4 b6 8. Ne5 Bb7
9. Bf3 O-O 10. Nc3 e6 11. Qe1 Ne8 12. Nxc6 Bxc6 13. e4 d4 14. Nb1 Nc7 15. Nd2
Qd7 16. b3 f6 17. Nc4 e5 18. Qg3 Rae8 19. Bd2 Re7 20. fxe5 fxe5 21. Bg5 Ref7
22. Nxe5 Bxe5 23. Qxe5 Qe8 24. Qg3 Kg7 25. Qh4 Kh8 26. Bh6 Rg8 27. Rf2 Ne6 28.
Qg3 Qb8 29. Qxb8 Rxb8 30. Raf1 b5 31. axb5 Bxb5 32. Bg4 Rxf2 33. Rxf2 Bd7 34.
Bxe6 Bxe6 35. Rf8+ Rxf8 36. Bxf8 Bg4 37. Bxc5 a6 38. Bxd4+ Kg8 39. c3 Be2 40.
b4 Bxd3 41. e5 Kf7 42. Kf2 Ke6 43. Ke3 Bf1 44. g3 Kf5 45. Kf3 h5 46. Kf2 Bc4
47. h3 Ke4 48. h4 Bd5 49. Ke2 Bc4+ 50. Kd2 Bd5 51. Be3 Bc4 52. Bf4 Bb3 53. Ke2
Bc4+ 54. Kd2 Bb3 55. Kc1 Kd3 56. Kb2 Be6 57. Bg5 Kc4 58. Be7 Kd3 59. Bf6 Kc4
60. Kc2 Bf5+ 61. Kd2 Be6 62. Be7 Bf5 63. Bc5 Kd5 64. Bd6 Kc4 65. Bc5 Kd5 66.
Bd4 Ke4 67. Be3 Kxe5 68. c4 Ke4 69. Bb6 Be6 70. Kc3 Bd7 71. Bc7 Bc6 1/2-1/2

[Event "Transnational op"]
[Site "Montreal CAN"]
[Date "2023.06.11"]
[Round "4.43"]
[White "Morissette, Jean"]
[Black "Armstrong, Robert J"]
[Result "1-0"]
[WhiteElo "1846"]
[BlackElo "1569"]
[PlyCount "114"]
[EventDate "2023.06.09"]
[EventType "swiss"]
[EventRounds "5"]
[EventCountry "CAN"]

1. d4 f5 2. c4 Nf6 3. g3 e6 4. Bg2 Be7 5. Nc3 O-O 6. Nh3 c6 7. d5 d6 8. dxe6
Bxe6 9. Qb3 Qd7 10. Ng5 Bf7 11. Nxf7 Rxf7 12. O-O Qc7 13. Bd2 Nbd7 14. Rac1
Raf8 15. Qc2 Ng4 16. b4 Nge5 17. Qb3 Kh8 18. a4 a5 19. b5 Nc5 20. Qa2 Ne6 21.
Rb1 f4 22. Ne4 f3 23. exf3 Nxf3+ 24. Bxf3 Rxf3 25. b6 Qc8 26. Bxa5 Ng5 27. Nxg5
Bxg5 28. Rb3 Qf5 29. Rxf3 Qxf3 30. Bb4 Qd3 31. a5 Be3 32. Bxd6 Rxf2 33. Rxf2
Qxd6 34. Kg2 Bxf2 35. Qxf2 h6 36. Qf5 Qe7 37. h4 Qe2+ 38. Kh3 Qe1 39. a6 Qh1+
40. Kg4 Qd1+ 41. Kf4 Qc1+ 42. Ke5 Qa1+ 43. Kd6 Qa3+ 44. Kc7 Qxa6 45. Qc8+ Kh7
46. Qxb7 Qxc4 47. Qxc6 Qf7+ 48. Kb8 Qg8+ 49. Qc8 Qb3 50. Qf5+ Kh8 51. Qg6 Qg8+
52. Kc7 Qc4+ 53. Qc6 Qf7+ 54. Kb8 Qb3 55. b7 Qxg3+ 56. Ka7 Qa3+ 57. Qa6 Qd3 1-0

[Event "Transnational op"]
[Site "Montreal CAN"]
[Date "2023.06.11"]
[Round "5.28"]
[White "Byl, Oliver"]
[Black "Pomerantz, Daniel"]
[Result "0-1"]
[WhiteElo "1720"]
[BlackElo "2198"]
[PlyCount "100"]
[EventDate "2023.06.09"]
[EventType "swiss"]
[EventRounds "5"]
[EventCountry "CAN"]

1. d4 Nf6 2. Nf3 e6 3. g3 d5 4. Bg2 c5 5. O-O cxd4 6. Nxd4 Nc6 7. c4 Bc5 8. Nb3
Bb6 9. Nc3 dxc4 10. Qxd8+ Kxd8 11. Nd2 Ne5 12. Na4 Nd5 13. e4 Nb4 14. a3 Nc2
15. Nxb6 axb6 16. Rb1 b5 17. Rd1 Ke7 18. Nf3 Nxf3+ 19. Bxf3 e5 20. Bd2 Nd4 21.
Bb4+ Kf6 22. Bg2 Kg6 23. Bc5 Rd8 24. Bb6 Be6 25. Bxd8 Rxd8 26. f4 Bg4 27. Kf2
Bxd1 28. Rxd1 f6 29. Bf1 Rc8 30. Rc1 Kf7 31. a4 bxa4 32. Rxc4 Rxc4 33. Bxc4+
Ke7 34. h3 b5 35. Bd3 Kd6 36. Ke3 Kc5 37. Bb1 h6 38. fxe5 fxe5 39. h4 b4 40.
Ba2 a3 41. bxa3 bxa3 42. Kd3 Kb4 43. g4 g5 44. h5 Nb5 45. Be6 Nc3 46. Kc2 Nxe4
47. Bd5 Nc3 48. Be6 a2 49. Bxa2 Nxa2 50. Kd3 Kc5 0-1

[Event "Transnational op"]
[Site "Montreal CAN"]
[Date "2023.06.11"]
[Round "5.29"]
[White "Wang, Derek"]
[Black "Turcotte, Jonathan"]
[Result "1-0"]
[WhiteElo "2114"]
[BlackElo "2029"]
[PlyCount "91"]
[EventDate "2023.06.09"]
[EventType "swiss"]
[EventRounds "5"]
[EventCountry "CAN"]

1. Nf3 d5 2. c4 d4 3. b4 c5 4. Bb2 f6 5. d3 e5 6. b5 a6 7. a4 axb5 8. axb5 Rxa1
9. Bxa1 Qa5+ 10. Nbd2 b6 11. g3 Bb7 12. Bg2 Nh6 13. O-O Be7 14. Bb2 Nd7 15. Qc2
Qa8 16. Ra1 Qb8 17. Qa4 Bd6 18. Qa7 Qc7 19. Nxe5 Bxg2 20. Nxd7 Kxd7 21. Kxg2
Re8 22. Kf1 Ng4 23. Nf3 g5 24. Bc1 h6 25. h3 Ne5 26. Nxe5+ Bxe5 27. Ra6 Qxa7
28. Rxa7+ Bc7 29. e3 dxe3 30. Bxe3 Kc8 31. Ra8+ Bb8 32. Ra6 Kb7 33. d4 cxd4 34.
Bxd4 Re6 35. g4 Be5 36. Be3 Bf4 37. Bxf4 gxf4 38. c5 f3 39. Rxb6+ Rxb6 40. cxb6
Kxb6 41. Ke1 Kxb5 42. Kd2 Kc4 43. Ke3 Kc3 44. Kxf3 Kd3 45. h4 Kd2 46. Ke4 1-0

[Event "Transnational op"]
[Site "Montreal CAN"]
[Date "2023.06.11"]
[Round "5.30"]
[White "Vidyarthi, Omya"]
[Black "Moses, Neil"]
[Result "1-0"]
[WhiteElo "2081"]
[BlackElo "1969"]
[PlyCount "59"]
[EventDate "2023.06.09"]
[EventType "swiss"]
[EventRounds "5"]
[EventCountry "CAN"]

1. Nf3 Nf6 2. c4 e6 3. g3 b6 4. Bg2 Bb7 5. O-O Be7 6. b3 c5 7. Bb2 d5 8. cxd5
exd5 9. d4 O-O 10. Nc3 Ne4 11. dxc5 bxc5 12. Nxe4 dxe4 13. Nd2 f5 14. Kh1 Qc7
15. e3 Nc6 16. Nc4 Rad8 17. Qh5 g6 18. Qe2 Nb4 19. Bc3 Rd3 20. Rac1 Bf6 21. Be1
Rfd8 22. Rg1 Qe7 23. Na5 Bd5 24. Bf1 Qd6 25. a3 Na6 26. Qc2 Qb6 27. h3 Bb7 28.
Kh2 R3d7 29. Nxb7 Qxb7 30. Qc4+ 1-0

[Event "Transnational op"]
[Site "Montreal CAN"]
[Date "2023.06.11"]
[Round "5.31"]
[White "Boulay, David"]
[Black "Duval, Mathieu"]
[Result "0-1"]
[WhiteElo "2036"]
[BlackElo "1867"]
[PlyCount "112"]
[EventDate "2023.06.09"]
[EventType "swiss"]
[EventRounds "5"]
[EventCountry "CAN"]

1. d4 d5 2. c4 c6 3. cxd5 cxd5 4. Nf3 Nc6 5. e3 Nf6 6. Be2 e6 7. a3 a6 8. b4
Bd6 9. Bb2 O-O 10. O-O Bd7 11. Nbd2 Na7 12. Nb3 Ba4 13. Nfd2 a5 14. bxa5 Nc6
15. Qb1 Nxa5 16. Nxa5 Qxa5 17. Qd3 Rfc8 18. Rfc1 Ne4 19. Nf3 Rxc1+ 20. Rxc1 Qb6
21. Qb1 Bb5 22. Ba1 Bxa3 23. Re1 Ra5 24. Bd3 Qa6 25. Bc2 Bc6 26. Bd3 Bb5 27.
Bc2 Be2 28. Bxe4 dxe4 29. Nd2 Bd3 30. Qb3 h6 31. Bc3 Rb5 32. Qa2 Bd6 33. Ra1
Qxa2 34. Rxa2 Bb4 35. Bxb4 Rxb4 36. f3 f5 37. Kf2 b5 38. h4 Kf7 39. h5 Ra4 40.
Rb2 g6 41. hxg6+ Kxg6 42. fxe4 fxe4 43. Nb1 b4 44. Nd2 Kf5 45. Nb3 Kg4 46. Nc5
Ra1 47. Nxd3 exd3 48. e4 Kf4 49. d5 exd5 50. exd5 b3 51. d6 Ra2 52. d7 Rxb2+
53. Kf1 Ke3 54. Kg1 d2 55. d8=Q Rb1+ 56. Kh2 d1=Q 0-1

[Event "Transnational op"]
[Site "Montreal CAN"]
[Date "2023.06.11"]
[Round "5.32"]
[White "Di Matteo, Alessio"]
[Black "Lalonde, Olivier"]
[Result "1-0"]
[WhiteElo "1986"]
[BlackElo "2393"]
[PlyCount "59"]
[EventDate "2023.06.09"]
[EventType "swiss"]
[EventRounds "5"]
[EventCountry "CAN"]

1. d4 f5 2. c4 Nf6 3. g3 e6 4. Bg2 Be7 5. Nc3 d5 6. Nh3 Ne4 7. O-O g5 8. e3 h5
9. f3 Nxc3 10. bxc3 b6 11. e4 Bb7 12. cxd5 exd5 13. exf5 O-O 14. Qc2 c5 15. f6
Rxf6 16. Bxg5 Rf7 17. Bxe7 Qxe7 18. Rae1 Qf6 19. Re5 Nc6 20. Rg5+ Kf8 21. f4
Ne7 22. dxc5 bxc5 23. Rxh5 Bc8 24. Ng5 Bf5 25. Qd2 Rd8 26. Nxf7 Kxf7 27. Re1 d4
28. cxd4 cxd4 29. Qa5 Rd7 30. Rxe7+ 1-0

[Event "Transnational op"]
[Site "Montreal CAN"]
[Date "2023.06.11"]
[Round "5.33"]
[White "Libersan, Thierry"]
[Black "Morteza, Arian"]
[Result "1-0"]
[WhiteElo "2063"]
[BlackElo "1695"]
[PlyCount "47"]
[EventDate "2023.06.09"]
[EventType "swiss"]
[EventRounds "5"]
[EventCountry "CAN"]

1. e4 c5 2. Nf3 d6 3. d4 cxd4 4. Qxd4 Nc6 5. Bb5 Bd7 6. Bxc6 Bxc6 7. Na3 e6 8.
Bg5 Qc7 9. O-O-O Rc8 10. Rhe1 Nf6 11. Bxf6 gxf6 12. Qxf6 Rg8 13. Nd4 Rxg2 14.
Qf3 Rg5 15. Rg1 Re5 16. Kb1 b5 17. Qd3 b4 18. f4 Rh5 19. Ndb5 Bxb5 20. Nxb5 Qb6
21. Nd4 Rxh2 22. Rg8 a6 23. e5 dxe5 24. Nf3 1-0

[Event "Transnational op"]
[Site "Montreal CAN"]
[Date "2023.06.11"]
[Round "5.34"]
[White "Latorre, Vincent"]
[Black "Brassard, Sylvain"]
[Result "1-0"]
[WhiteElo "2212"]
[BlackElo "1768"]
[PlyCount "30"]
[EventDate "2023.06.09"]
[EventType "swiss"]
[EventRounds "5"]
[EventCountry "CAN"]

1. e4 d5 2. exd5 Qxd5 3. Nc3 Qd6 4. d4 Nf6 5. Nf3 a6 6. Be2 Bg4 7. h3 Bxf3 8.
Bxf3 Nc6 9. d5 Ne5 10. Bf4 Nxf3+ 11. Qxf3 Qd7 12. O-O-O O-O-O 13. Rhe1 h6 14.
Be5 Rg8 15. Rd4 Ne8 1-0

[Event "Transnational op"]
[Site "Montreal CAN"]
[Date "2023.06.11"]
[Round "5.35"]
[White "Genzling, Jerome"]
[Black "Mullur, Neerav"]
[Result "1-0"]
[WhiteElo "2157"]
[BlackElo "1689"]
[PlyCount "31"]
[EventDate "2023.06.09"]
[EventType "swiss"]
[EventRounds "5"]
[EventCountry "CAN"]

1. e4 e5 2. Nf3 Nc6 3. d4 exd4 4. Bc4 Nf6 5. e5 Ne4 6. O-O Bc5 7. Re1 Nxf2 8.
Kxf2 O-O 9. Bg5 Qe8 10. Nbd2 Nb4 11. Nb3 Nxc2 12. Nxc5 Nxa1 13. Qxa1 d6 14.
exd6 Qc6 15. b4 Re8 16. Nxd4 1-0

[Event "Transnational op"]
[Site "Montreal CAN"]
[Date "2023.06.11"]
[Round "5.36"]
[White "Ulrich, Samuel"]
[Black "Tinica, Gabriel"]
[Result "1/2-1/2"]
[WhiteElo "1916"]
[BlackElo "2048"]
[PlyCount "95"]
[EventDate "2023.06.09"]
[EventType "swiss"]
[EventRounds "5"]
[EventCountry "CAN"]

1. d4 Nf6 2. c4 g6 3. Nc3 Bg7 4. e4 d6 5. Nf3 O-O 6. Be2 e5 7. O-O Nc6 8. d5
Ne7 9. b4 a5 10. bxa5 Rxa5 11. Nd2 b6 12. a4 Bd7 13. Nb3 Ra7 14. Be3 Ra8 15.
Re1 Ne8 16. f3 f5 17. Bf2 g5 18. Kh1 g4 19. fxg4 fxg4 20. Rf1 h5 21. Bh4 Nf6
22. Qd2 Ng6 23. Bg5 Qe8 24. g3 Nh7 25. Rxf8+ Qxf8 26. Rf1 Qe8 27. Nb5 Bxb5 28.
axb5 Ra3 29. Na1 Ngf8 30. Nc2 Ra2 31. Bd3 Nd7 32. Rf5 Qa8 33. Bh6 Ndf6 34. Qe3
Rb2 35. Rf1 Qa2 36. Rf2 Qb3 37. Bxg7 Kxg7 38. Kg2 Kg6 39. Ne1 Ng5 40. Rxb2
Qxb2+ 41. Qf2 Qxf2+ 42. Kxf2 Nd7 43. Ke3 Nc5 44. Bc2 Kf6 45. Bb1 Nb3 46. Bc2
Nd4 47. Bd1 Nh3 48. Nd3 1/2-1/2

[Event "Transnational op"]
[Site "Montreal CAN"]
[Date "2023.06.11"]
[Round "5.37"]
[White "Jiang, Barron Jiyu"]
[Black "Guillemette, Thomas"]
[Result "1-0"]
[WhiteElo "2036"]
[BlackElo "1600"]
[PlyCount "107"]
[EventDate "2023.06.09"]
[EventType "swiss"]
[EventRounds "5"]
[EventCountry "CAN"]

1. e4 c5 2. Nf3 d6 3. d4 cxd4 4. Nxd4 Nf6 5. Nc3 g6 6. f3 Bg7 7. Be3 Nc6 8. Qd2
O-O 9. g4 d5 10. g5 Ne8 11. Nxd5 Nxd4 12. Bxd4 e6 13. Bxg7 Kxg7 14. Qc3+ Kg8
15. Nf6+ Nxf6 16. gxf6 Bd7 17. O-O-O Rc8 18. Qe3 e5 19. c3 Rc7 20. Rd6 Kh8 21.
Bh3 Qc8 22. Rxd7 Rxd7 23. Bxd7 Qxd7 24. Rd1 Qe6 25. Qc5 Re8 26. Rd6 Qh3 27.
Qxe5 Rf8 28. Qg3 Qf1+ 29. Rd1 Qc4 30. Qd6 Rg8 31. Qd5 Qc7 32. e5 Qb6 33. Rd4
Qa6 34. Qc4 Qa5 35. Rd5 Qb6 36. Qd4 Qa6 37. Rd8 h5 38. Rxg8+ Kxg8 39. Qd8+ Kh7
40. Qd5 Qf1+ 41. Kc2 Qf2+ 42. Kb3 Qb6+ 43. Kc2 Qf2+ 44. Kd3 Qf1+ 45. Kd4 Qd1+
46. Kc5 Qg1+ 47. Kc4 Kg8 48. Qd8+ Kh7 49. Qf8 b5+ 50. Kb4 a5+ 51. Kxa5 Qa7+ 52.
Kb4 Qa4+ 53. Kc5 Qc4+ 54. Kb6 1-0

[Event "Transnational op"]
[Site "Montreal CAN"]
[Date "2023.06.11"]
[Round "5.38"]
[White "Darvekar, Yash"]
[Black "Yang, Jing Yao"]
[Result "1-0"]
[WhiteElo "1990"]
[BlackElo "1646"]
[PlyCount "71"]
[EventDate "2023.06.09"]
[EventType "swiss"]
[EventRounds "5"]
[EventCountry "CAN"]

1. e4 e5 2. Nf3 Nc6 3. Bb5 a6 4. Bxc6 dxc6 5. O-O Bg4 6. h3 h5 7. d3 Bd6 8.
Nbd2 Be6 9. d4 f6 10. dxe5 fxe5 11. Qe2 g5 12. Nc4 g4 13. Ng5 Qd7 14. h4 Ne7
15. Rd1 Ng6 16. g3 Qe7 17. Be3 O-O-O 18. c3 Rdg8 19. b4 Kb8 20. a4 Nf4 21. gxf4
exf4 22. Bd4 Rh6 23. e5 f3 24. Qf1 Rhg6 25. exd6 cxd6 26. Nxd6 Rxg5 27. hxg5
Qxg5 28. Be3 Qh4 29. Rd4 Qf6 30. Bf4 Ka8 31. b5 h4 32. bxa6 b6 33. Qd3 g3 34.
Qxf3 gxf2+ 35. Kxf2 Bd7 36. Ne4 1-0

[Event "Transnational op"]
[Site "Montreal CAN"]
[Date "2023.06.11"]
[Round "5.39"]
[White "Crete, Mathys"]
[Black "Currie, Sophia"]
[Result "1-0"]
[WhiteElo "1735"]
[BlackElo "1599"]
[PlyCount "77"]
[EventDate "2023.06.09"]
[EventType "swiss"]
[EventRounds "5"]
[EventCountry "CAN"]

1. d4 d5 2. c4 Nf6 3. cxd5 Qxd5 4. Nc3 Qd8 5. e4 Bg4 6. Nge2 e6 7. h3 Bh5 8.
Bf4 Be7 9. Qb3 b6 10. Nb5 Na6 11. Qa4 c6 12. Qxa6 cxb5 13. Qxb5+ Kf8 14. Qd3
Bb4+ 15. Nc3 Bg6 16. f3 Nd5 17. Bd2 Qh4+ 18. Kd1 Nf4 19. Qe3 Nh5 20. a3 Ng3 21.
Rg1 Bd6 22. Bd3 Rd8 23. Qg5 Be7 24. Qxh4 Bxh4 25. Be3 e5 26. d5 Nh5 27. Bb5 Nf6
28. g3 Nxe4 29. fxe4 Bh5+ 30. Be2 Bxe2+ 31. Kxe2 Be7 32. Rac1 Rd7 33. Rgd1 f6
34. Nb5 Kf7 35. Rc6 h5 36. Rdc1 Rhd8 37. Rc7 g5 38. Rxd7 Rxd7 39. Rc7 1-0

[Event "Transnational op"]
[Site "Montreal CAN"]
[Date "2023.06.11"]
[Round "5.40"]
[White "Jutras, Arnaud"]
[Black "Tachijian, Mardig"]
[Result "1/2-1/2"]
[WhiteElo "1649"]
[BlackElo "1717"]
[PlyCount "152"]
[EventDate "2023.06.09"]
[EventType "swiss"]
[EventRounds "5"]
[EventCountry "CAN"]

1. c4 e5 2. Nc3 Nc6 3. g3 g6 4. Bg2 Bg7 5. e3 Nge7 6. Nge2 O-O 7. O-O d6 8. a3
Be6 9. b3 d5 10. cxd5 Bxd5 11. Nxd5 Nxd5 12. Bb2 Re8 13. d4 exd4 14. Nxd4 Nce7
15. Rc1 c6 16. Qf3 Nf6 17. Rfd1 Qb6 18. Nxc6 Nxc6 19. Bxf6 Qxb3 20. Bxg7 Kxg7
21. Rb1 Qc2 22. Rdc1 Qd2 23. Qd5 Qxd5 24. Bxd5 Rab8 25. Bxc6 bxc6 26. Rxb8 Rxb8
27. Rxc6 Rb7 28. a4 Kh6 29. h4 Kh5 30. Kg2 f5 31. a5 Kg4 32. Rc3 Kh5 33. Rc6
Re7 34. Kf3 Rd7 35. Ke2 Re7 36. Rd6 Rc7 37. a6 Kh6 38. Kf3 Kg7 39. Ke2 Kf7 40.
Kd3 Ke7 41. Rd4 Rc6 42. Ra4 Ke6 43. Kd4 Rc2 44. f4 Kd6 45. e4 fxe4 46. Kxe4 Rg2
47. Ra3 Re2+ 48. Kf3 Re1 49. Kg4 h6 50. Rd3+ Ke6 51. Rc3 Kd6 52. Rc8 Ra1 53.
Rg8 h5+ 54. Kh3 Kd5 55. Rxg6 Ke4 56. Kg2 Ra2+ 57. Kf1 Ke3 58. Re6+ Kf3 59. Ke1
Kxg3 60. f5 Ra1+ 61. Ke2 Ra2+ 62. Ke3 Ra3+ 63. Ke4 Ra4+ 64. Ke5 Ra5+ 65. Kf6
Kf4 66. Rc6 Rxf5+ 67. Kg6 Ra5 68. Kf6 Kg4 69. Rc4+ Kg3 70. Kg6 Rxa6+ 71. Kxh5
Rb6 72. Ra4 Rb5+ 73. Kg6 Rb6+ 74. Kf5 Rb5+ 75. Ke6 Rh5 76. Rxa7 Kxh4 1/2-1/2

[Event "Transnational op"]
[Site "Montreal CAN"]
[Date "2023.06.11"]
[Round "5.41"]
[White "Fiset, Anais Chloe"]
[Black "Sonko, Babacar"]
[Result "1-0"]
[WhiteElo "1627"]
[BlackElo "1671"]
[PlyCount "61"]
[EventDate "2023.06.09"]
[EventType "swiss"]
[EventRounds "5"]
[EventCountry "CAN"]

1. e4 e5 2. Nf3 Nc6 3. Bc4 f5 4. exf5 e4 5. Ng1 Nf6 6. d4 d5 7. Bb3 Bxf5 8. Bg5
Be7 9. Nc3 Bb4 10. Nge2 O-O 11. O-O Ne7 12. Ng3 Bg6 13. Bxf6 Rxf6 14. Ngxe4 Rf4
15. Ng3 c6 16. Nce2 Rh4 17. c3 Bd6 18. f4 Qc7 19. Qd2 Rf8 20. Rae1 Bxf4 21.
Nxf4 Rhxf4 22. Rxf4 Rxf4 23. Rxe7 Qxe7 24. Qxf4 Qe1+ 25. Nf1 h5 26. Qd2 Qb1 27.
Kf2 h4 28. Ne3 Qh1 29. h3 Qh2 30. Nf1 Qd6 31. Bc2 1-0

[Event "Transnational op"]
[Site "Montreal CAN"]
[Date "2023.06.11"]
[Round "5.42"]
[White "Sasportas, Mosche"]
[Black "Armstrong, Robert J"]
[Result "1-0"]
[WhiteElo "1616"]
[BlackElo "1569"]
[PlyCount "51"]
[EventDate "2023.06.09"]
[EventType "swiss"]
[EventRounds "5"]
[EventCountry "CAN"]

1. e4 g6 2. d4 c5 3. d5 Bg7 4. c4 d6 5. Nf3 Nf6 6. Bd3 O-O 7. Bd2 Nxe4 8. Bxe4
Bxb2 9. Bc3 Bxa1 10. Bxa1 Nd7 11. Kf1 Nb6 12. Qc2 Qd7 13. Bd3 e5 14. dxe6 Qxe6
15. Nc3 Bd7 16. Ne4 f6 17. h4 Bc6 18. Nfd2 Rae8 19. h5 f5 20. Qc3 Qe5 21. Qc1
Qe6 22. Ng5 Qe7 23. Ndf3 gxh5 24. Qc3 Qf6 25. Qxf6 Rxf6 26. Bxf6 1-0

[Event "Vancity Sectional"]
[Site "Vancouver CAN"]
[Date "2023.01.23"]
[Round "1"]
[White "Taylor, Ashton"]
[Black "Zhu, Brandon"]
[Result "0-1"]
[WhiteElo "1934"]
[BlackElo "2047"]
[PlyCount "118"]
[EventDate "2023.01.26"]
[EventType "tourn"]
[EventRounds "5"]
[EventCountry "CAN"]

1. e4 Nc6 2. Nf3 g6 3. d4 Bg7 4. c3 d6 5. Bc4 e6 6. O-O Nge7 7. Re1 h6 8. Be3
d5 9. Bd3 dxe4 10. Bxe4 Nd5 11. Bd2 O-O 12. Qc1 Kh7 13. Na3 Nf6 14. Bc2 b6 15.
Nc4 Bb7 16. Qb1 Ne7 17. Nfe5 Nf5 18. b4 Nd7 19. Bf4 Nxe5 20. Nxe5 a6 21. Be4
Bxe4 22. Qxe4 Ne7 23. Nc6 Nxc6 24. Qxc6 Ra7 25. Rad1 Qe8 26. Qc4 Qb5 27. Qb3
Qf5 28. Be5 Rd8 29. h3 h5 30. Re3 Bxe5 31. dxe5 Qg5 32. Rxd8 Qxd8 33. Qc2 c5
34. Qd3 Qd5 35. Qe2 cxb4 36. cxb4 b5 37. g4 Rc7 38. Kh2 Rc1 39. Qf3 Qxf3 40.
Rxf3 Kg7 41. gxh5 gxh5 42. Rg3+ Kf8 43. a3 Re1 44. f4 Rf1 45. Rd3 Rxf4 46. Rd6
Re4 47. Rxa6 Rxe5 48. Ra5 Kg7 49. a4 Re2+ 50. Kg3 bxa4 51. Rxa4 Re4 52. Kf3 Rh4
53. Kg3 Rc4 54. Ra5 h4+ 55. Kf3 Rxb4 56. Rh5 f5 57. Rg5+ Kf6 58. Rg8 Rb3+ 59.
Kf2 Rxh3 0-1